Непристойный танец: роман

Библиографические подробности
Главный автор: Бушков А. А. Александр Александрович
Примечания:1907 год, Австро-Венгрия. Судьба свела бежавшего из России авантюриста с большевистскими и эсеровскими террористами. Ему не хочется делать бомбы и участвовать в покушениях, он не горит желанием служить высоким идеям, но круговорот жестоких и кровавых загадок затягивает так глубоко, что при малейшей оплошности потерять можно все, и в первую очередь — жизнь...
Язык:русский
Опубликовано: Красноярск, Бонус, 2001
Предметы:
Формат: Книга
Запись в KOHA:https://koha.lib.tpu.ru/cgi-bin/koha/opac-detail.pl?biblionumber=27724

MARC

LEADER 00000nam0a2200000 4500
001 27724
005 20231030202321.0
010 |a 5786700909 
010 |a 5-224-01984-2 
035 |a (RuTPU)RU\TPU\book\27977 
035 |a BOOK00028052 
090 |a 27724 
100 |a 20011209d2001 m y0rusy50 ca 
101 0 |a rus 
102 |a RU 
105 |a y z 000ay 
200 1 |a Непристойный танец  |e роман  |f А. А. Бушков 
210 |a Красноярск  |a Москва  |c Бонус  |c Олма-Пресс  |d 2001 
215 |a 382 с. 
330 |a 1907 год, Австро-Венгрия. Судьба свела бежавшего из России авантюриста с большевистскими и эсеровскими террористами. Ему не хочется делать бомбы и участвовать в покушениях, он не горит желанием служить высоким идеям, но круговорот жестоких и кровавых загадок затягивает так глубоко, что при малейшей оплошности потерять можно все, и в первую очередь — жизнь... 
610 1 |a романы 
675 |a Р2  |v 3 
700 1 |a Бушков  |b А. А.  |g Александр Александрович 
801 0 |a RU  |b 63413507  |c 20011209  |g PSBO 
801 2 |a RU  |b 63413507  |c 20170616  |g PSBO 
942 |c BK